[Event "West Wales Open"]
[Site "?"]
[Date "2022.11.12"]
[Round "3.4"]
[White "Tapp, James"]
[Black "Young, Alan J"]
[Result "1-0"]
[WhiteElo "1956"]
[BlackElo "2095"]
[Annotator "kemen"]
[PlyCount "73"]
[EventDate "2022.11.12"]
[SourceVersionDate "2022.11.14"]

{[%evp 0,22,23,24,24,13,60,60,60,52,42,28,55,46,105,23,0,0,0,-8,0,-31,-31,-82,
-89]} 1. d4 d5 2. Bf4 c5 3. e3 cxd4 (3... Nc6 4. c3 Nf6 5. Nd2 e6 6. Ngf3 Be7
7. Bd3 O-O 8. Ne5 Re8 9. h4 {Palliser-Young, EU Cup, Rhodes 2013,1-0}) 4. exd4
Nc6 5. c3 f6 {played by a number of GMs, with IM Beerdsen most frequent user} (
5... Nf6) (5... Bf5 {main lines} 6. Bd3 Bxd3 7. Qxd3 e6 8. Nf3 Bd6 9. Bg3 Nf6
10. Nbd2 Qc7 11. O-O O-O 12. Rae1 Rae8 {Freeman-Young, 4NCL, 6 nov 2022,draw
agreed}) 6. Bd3 (6. Nf3 g5 {53% for Wh}) 6... e5 7. dxe5 (7. Qh5+ g6 8. Bxg6+
hxg6 9. Qxh8 exf4 10. Qxg8 Bf5 {2-2-13}) 7... fxe5 8. Qh5+ (8. Bg3 {0-2}) 8...
g6 9. Bxg6+ hxg6 10. Qxh8 (10. Qxg6+ {Stockfish130722} Kd7 11. Bg3 Qf6 12. Qd3
Nge7 13. Nd2 Ke8 $19 {Plasek-Petras, Prague Golden 65+ open,2022 1-0 ( after
78 moves)}) 10... exf4 11. Qxg8 (11. Ne2 Kf7 12. O-O Bg7 13. Qh7 Qg5 14. g3 f3
15. Nf4 Nf6 16. Qh4 Qxh4 17. gxh4 Bh6 $19 {Kretchetov-Shlyaktenko, Hollywood
Classic 2022, 0-1}) 11... Qe7+ {Cloud Engines} (11... Bf5 {only move played}
12. Qh7 (12. g4 Qe7+ 13. Kd2 Be4 $19 {0-1}) (12. Ne2 Qe7 13. Nd2 O-O-O 14. O-O
Bh6 15. Qxd8+ Qxd8 $19 {KomodoDragon3}) 12... Ne5 $1 {0-1} (12... Qb6 $19 {
yet 2-1})) 12. Kf1 Bf5 13. Nf3 O-O-O 14. Qh8 (14. Nbd2 Bh6 15. Re1 Qd7 16.
Qxd8+ Nxd8 $19 {Cloud Engines}) 14... Bd3+ (14... Qe4 $1 {Cloud Engines} 15.
Nbd2 Qd3+ 16. Kg1 Bc5 17. Qh4 (17. Qxd8+ $5) 17... g5 $1 18. Nxg5 (18. Qxg5
Bxf2+ 19. Kxf2 Qe3+ 20. Kf1 Bd3#) 18... Qxd2 $19 {KD3}) (14... Re8 15. Nbd2
Qe2+ 16. Kg1 Bc5 17. Qh4 g5 $19 {KD3}) (14... Bg7 15. Qh4 Qd6 16. g3 Ne5 17.
Nxe5 Bxe5 18. Nd2 Rh8 19. Qg5 Bh3+ 20. Ke2 Rh5 $19 {KD3}) 15. Kg1 Qe2 16. Nbd2
Bc5 17. Qh4 g5 18. Qg4+ Kb8 19. Rf1 Re8 (19... Be3 20. fxe3 fxe3 21. Qg3+ (21.
Qxg5 $18 {also}) 21... Ka8 22. Re1 exd2 23. Rxe2 d1=Q+ 24. Re1 Qc2 25. Nxg5 $18
{Alharthi-Al Amari, Asia ch Amateur oct 2022,1-0}) (19... Ne5 20. Nxe5 Qxe5 21.
h4 Bxf1 22. Nxf1 Qe1 23. Qf3 g4 24. Qxf4+ Ka8 25. Qd2 Qxd2 26. Nxd2 Rf8 27. Nb3
Bxf2+ 28. Kf1 Bxh4+ 29. Ke2 Bg3 30. Rf1 $11 {KD3}) 20. h4 $18 {KD3} (20. Qxg5
$1 $18 {KD3}) 20... Be3 (20... Ne5 {best try} 21. Nxe5 Qxe5 22. Qxg5 Qd6 23.
Rh3 Bxf1 24. Nxf1 a6 25. Rf3 $18 {KD3}) 21. fxe3 fxe3 22. Qxg5 (22. Qg3+ Ka8
23. Re1 {KD3- as in Alharthi-Al Amari}) 22... Bh7 (22... exd2 23. Nxd2 a6 24.
Rh3 $18 {KD3}) 23. Kh2 (23. Re1 $1 Qd3 (23... exd2 24. Qxd2) 24. Qf4+ Ka8 25.
Nf1 $18 {KD3}) 23... exd2 24. Qxd2 (24. Nxd2 {also}) 24... Qc4 25. b3 (25. Ng5
Bg6 26. Qf4+ {KD3}) 25... Qg4 26. Qg5 Qd7 27. Re1 Rg8 28. Ne5 (28. Qf4+) 28...
Qc7 29. Qf4 Ka8 30. Rhf1 Ne7 31. Nf7 (31. Qf7) 31... Qd7 32. Ng5 Ng6 33. Qf7
Qd6+ 34. Kh1 Ne5 35. Rxe5 (35. Qxh7) 35... Qxe5 36. Qxg8+ Bxg8 37. Rf8+ (37.
Rf8+ Qb8 38. Rxb8+ Kxb8 39. h5) 1-0

[Event "West Wales Open"]
[Site "?"]
[Date "2022.11.12"]
[Round "3.5"]
[White "Pleasants, Allan J"]
[Black "Jukes, Sam"]
[Result "1/2-1/2"]
[WhiteElo "1981"]
[BlackElo "1921"]
[Annotator "kemen"]
[PlyCount "31"]
[EventDate "2022.11.12"]
[SourceVersionDate "2022.11.14"]

{[%evp 0,22,25,30,23,23,50,33,13,9,26,21,36,16,16,15,23,21,21,18,34,10,9,3,26]
} 1. d4 Nf6 2. Nf3 b6 3. g3 Bb7 4. Bg2 e6 5. O-O Be7 6. c4 O-O 7. Nc3 {so far
similar to Pleasants-Taylor, rd1 WW Open, drawn after 88 moves; except that
there d4 was held back, so Wh could play 7 Qc2} Ne4 8. Qc2 Nxc3 9. Qxc3 d6 (
9... c5) 10. b3 Nd7 11. Bb2 Qe8 {1-2-2} (11... Bf6 {81 games. 49% for Wh}) 12.
Rad1 f5 13. Qe3 $146 {Stockfish15} (13. Ne1 {KomodoDragon3} Bxg2 14. Nxg2 Bg5
15. Qd3 (15. Qf3 Nf6 16. d5 Ne4 17. dxe6 Qxe6 18. Qd3 $11 {Rodgaard-Balint,
Budapest FS02 IM, 2018,1-0}) 15... Qh5 $11 {Smyslov-Matanovic, Alekhine
memorial, Moscow 1963,1/2-1/2}) (13. d5 Bf6 (13... e5 $15) 14. Nd4 Bxd4 15.
Rxd4 e5 16. Rd2 Qh5 17. f4 Rf7 18. e3 Re8 19. Bf3 Qh3 20. Rg2 $11 {C
Foisor-Olivier, Grenoble Masters 2006,1-0}) 13... Bf6 14. Ng5 (14. Ne1 {
Cloud Engines}) 14... Bxg5 15. Qxg5 Bxg2 16. Kxg2 $11 {(draw?) 2 previous
encounters with colours reversed, also drawn in 20 + moves} 1/2-1/2

[Event "West Wales Open"]
[Site "?"]
[Date "2022.11.12"]
[Round "3.6"]
[White "Turner, Joseph David"]
[Black "Musson, Adam J"]
[Result "0-1"]
[WhiteElo "1868"]
[BlackElo "1996"]
[Annotator "kemen"]
[PlyCount "80"]
[EventDate "2022.11.12"]
[SourceVersionDate "2022.11.14"]

{[%evp 0,8,30,25,33,19,12,14,12,6,0]} 1. e4 c5 2. c4 Nc6 3. Nc3 g6 4. d3 Bg7 5.
Nge2 e6 6. g3 Nge7 7. Bg2 a6 8. O-O Rb8 9. Be3 Nd4 10. Na4 $146 (10. Rb1 {1-3-3
}) (10. b4 $11 {Cloud Engines. 0.5-1.5}) 10... d6 $17 {KomodoDragon3} 11. Bxd4
cxd4 12. c5 (12. b4 b5 13. Nb2 bxc4 14. Nxc4 Rxb4 $17 {KD3}) 12... O-O 13. Rc1
dxc5 14. Nxc5 b6 (14... e5 15. f4 Nc6 $17 {KD3}) 15. Nb3 a5 16. Rc2 Ba6 $19 17.
Nbc1 Qd7 18. f4 Rbc8 19. Rd2 e5 (19... Nc6 20. a3 Rc7 $19 {KD3}) 20. fxe5 Bxe5
21. Nf4 Rc7 $17 22. Bh3 Qd6 23. Rdf2 Bc8 24. Bg2 Kg7 25. h4 f6 $19 (25... Ng8
26. Nce2 Nf6 27. Nd5 Nxd5 28. exd5 Bg4 $19 {KD3}) 26. g4 Bd7 27. g5 f5 (27...
h6 28. gxh6+ Kxh6 29. Qf3 Kg7 $19 {KD3}) (27... fxg5 28. Nh5+ gxh5 29. Rxf8 Bf4
30. R8xf4 gxf4 31. Qxh5 Rc2 $19 {KD3}) 28. h5 Rfc8 (28... h6 29. gxh6+ Kh8 30.
Qd2 gxh5 31. Kh1 Rg8 32. Nce2 Qxh6 $19 {KD3}) 29. Nce2 Rc2 30. hxg6 hxg6 31.
Bh3 Rxb2 32. exf5 Bxf5 33. Bxf5 Nxf5 34. Nh5+ Kh8 (34... Kg8 $1) 35. Rxf5 gxf5
36. Nef4 Rg8 37. Qf3 (37. Nh3 Bh2+ 38. Kh1 Bg1 39. N5f4 Rh2+ 40. Kxg1 Rxh3 41.
Kg2 Rxg5+ 42. Kxh3 Qh6+ 43. Nh5 Rxh5+ $19 {KD3}) 37... Rxg5+ 38. Kh1 Bxf4 (
38... Qh6) 39. Nxf4 Qh6+ 40. Nh3 Qh5 (40... Qh4 $1 {KD3}) 0-1

[Event "West Wales Open"]
[Site "?"]
[Date "2022.11.12"]
[Round "3.7"]
[White "Gibbs, Dominic V"]
[Black "Gay, Simon"]
[Result "1-0"]
[WhiteElo "1860"]
[BlackElo "1946"]
[Annotator "kemen"]
[PlyCount "49"]
[EventDate "2022.11.12"]
[SourceVersionDate "2022.11.14"]

1. e4 c5 2. c3 e6 3. d4 Nf6 4. e5 Nd5 5. Nf3 cxd4 6. cxd4 Bb4+ (6... d6) (6...
b6 {main lines}) 7. Nbd2 {73% for Wh} (7. Bd2 {main,68% for Wh}) 7... O-O 8.
Bc4 (8. a3 {5-0}) 8... Nb6 (8... d6 {1.5-0.5}) 9. Bb3 (9. Bd3 {2-0}) 9... d5
10. exd6 (10. O-O $16 {KomodoDragon3}) 10... Qxd6 11. O-O Nc6 12. Ne4 Qc7 13.
a3 Be7 14. Re1 (14. Qd3 $16 {KD3}) 14... Rd8 15. Nc3 (15. Bc2 h6 16. Qd3 f5 17.
Nc3 $16 {KD3}) 15... Bf6 16. Be3 Ne7 (16... Nd5 17. Rc1 Nxe3 18. fxe3 Be7 19.
Ne4 $16 {KD3}) 17. Rc1 $18 Qd7 18. Ne5 (18. Ne4 {FatFritz2 & KD3} Nbd5 19. Bg5
Bxg5 20. Nexg5 Qe8 21. Qd3 g6 22. h4 $18 {KD3}) 18... Qe8 (18... Bxe5 19. dxe5
Qxd1 20. Rexd1 Bd7 21. f4 $14 {KD3}) 19. Ng4 Bd7 {Wh has all the space,
leaving the Bl pieces bunched together in each other's way} (19... Nd7 20. Ne4
Ng6 21. d5 exd5 22. Nd6 Qf8 23. Nxf7 $18 {KD3}) 20. Nxf6+ gxf6 21. Ne4 (21. d5
$1 $18 {both Engines}) 21... Ned5 22. Bh6 (22. Qh5 $1 {both Engines}) 22... Kh8
23. Nd6 (23. Qg4 {both Engines} Qg8 24. Qh4 Qg6 25. Nxf6 $1 Rg8 (25... Qxf6 26.
Bg5 Qg6 27. Bxd8) (25... Nxf6 26. Bc2 $18) 26. Nxg8 Rxg8 27. g3) 23... Qe7 (
23... Qg8 24. Qh5 Be8 25. Nxb7 $18) 24. Nf5 Qe8 (24... exf5 25. Rxe7 Nxe7 26.
Qh5 $18) 25. Qg4 (25. Qg4 Qg8 26. Bg7+ Qxg7 27. Qxg7#) 1-0

[Event "West Wales Open"]
[Site "?"]
[Date "2022.11.12"]
[Round "3.8"]
[White "Van Kemenade, R."]
[Black "Guy, David"]
[Result "1-0"]
[WhiteElo "1940"]
[BlackElo "1846"]
[Annotator "kemen"]
[PlyCount "95"]
[EventDate "2022.11.12"]
[SourceVersionDate "2022.11.14"]

{[%evp 0,95,19,36,25,8,25,4,28,-2,2,14,5,-25,-30,-19,-22,-30,-24,-20,28,18,3,2,
29,26,26,27,31,24,56,56,46,-4,10,15,11,8,23,-14,-9,-24,-18,-34,-13,-40,-31,-20,
-13,-25,-20,-34,1,-18,-10,-19,58,56,65,11,54,59,68,63,67,64,50,45,58,55,71,54,
61,85,50,40,275,287,269,277,313,305,371,336,355,400,397,315,486,503,516,527,
1026,1076,29997,29998,29999,-30000]} 1. e4 e5 2. Nf3 Nc6 3. Bb5 a6 4. Ba4 Nf6
5. d3 (5. O-O Be7 6. Bxc6 dxc6 7. Nc3 Bg4 8. h3 Bxf3 9. Qxf3 O-O 10. d3 Re8 11.
Qg3 Bf8 12. Bg5 Qd6 13. f4 {Van Kemenade-Guy, WLS ch 2016,1/2-1/2}) 5... d6 (
5... b5 {main}) 6. c3 Be7 (6... g6 {main}) 7. O-O O-O 8. Nbd2 b5 9. Bc2 (9. Bb3
Na5) 9... Nb8 (9... d5) (9... Re8 {main lines}) 10. Re1 Nbd7 11. Nf1 Bb7 12. h3
(12. Ng3) 12... Re8 13. Ng3 g6 (13... Bf8 {main, when} 14. d4 {transposes to
8158 games}) 14. Bg5 (14. Bh6 {1-1-1}) (14. Nh2 {1/2-1/2}) (14. d4 $14 {
KomodoDragon3- transposes to 31 games}) 14... Bf8 (14... d5 15. Qd2 c5 16. exd5
Nxd5 17. Bxe7 Rxe7 18. d4 $11 {Antipov-Efimenko,Abu Dhabi op 2016,1/2-1/2}) 15.
Qd2 Bg7 16. Nh2 (16. d4 $16 {KD3}) 16... Qb8 17. a4 (17. f4 $16 {KD3-
considered by Wh}) 17... Nc5 18. axb5 (18. Bh6 $16 {KD3}) 18... axb5 19. Rxa8 (
19. Bh6) (19. Be3 Ne6 20. d4 $14 {KD3}) 19... Qxa8 20. b4 Ne6 21. Be3 Qa2 (
21... d5 $11 {Rudy & KD3} 22. Nf3 (22. f3 Rd8 $15) 22... dxe4 23. dxe4 Bxe4 24.
Bxe4 Nxe4 25. Nxe4 Qxe4 26. Qd7 Rd8 27. Qxb5 Qd3 28. Qc6 h6 $11 {KD3}) 22. Qd1
(22. Rb1) 22... Ra8 23. Bb3 Qb2 24. Ne2 {perhaps the Q will be trapped?} (24.
Bxe6 fxe6 25. Bd2 Ra2 26. Ngf1 Kf7 27. Ng4 $14 {KD3}) 24... Nf4 25. Bxf4 exf4
26. Qb1 Qxb1 27. Rxb1 {hoping to make progress on the K side} g5 (27... c5 28.
bxc5 dxc5 29. Nxf4 c4 30. Bxc4 bxc4 31. Rxb7 Ra1+ 32. Nf1 cxd3 33. Rb8+ Bf8 34.
Nxd3 Nxe4 $11 {KD3}) 28. Nf3 h6 29. h4 (29. Ned4 c6 30. Nf5 Bf8 31. e5 Ne8 32.
e6 fxe6 33. Bxe6+ Kh7 34. N5d4 Nc7 35. Bd7 c5 36. bxc5 dxc5 37. Nxb5 Nxb5 38.
Rxb5 Ra1+ 39. Kh2 Bxf3 40. gxf3 Kg7 $11 {KD3}) 29... Nh7 (29... d5 30. e5 Nd7
31. hxg5 Nxe5 32. Nxe5 Bxe5 33. gxh6 Kh7 34. d4 Bd6 35. f3 Kxh6 $11 {KD3}) 30.
hxg5 hxg5 31. Nfd4 c6 32. Nf5 (32. g3 c5 33. Nxb5 f3 34. Nc1 Rd8 35. Bc4 g4 $11
{KD3}) 32... Bf8 33. g3 (33. Ned4 Nf6 34. g3 fxg3 35. fxg3 Bc8 36. Rf1 (36.
Nxc6 Bxf5 37. exf5 Rc8 38. Na7 Rxc3 39. Nxb5 Rxd3 $19) 36... Ra3 $11 {KD3})
33... fxg3 (33... f3 34. Ned4 g4 35. Ne3 Nf6 $11 {KD3}) 34. fxg3 Bc8 35. Ned4
Ra6 {seldom good to have Rs defending a weak pawn} (35... Bd7 36. Rf1 {Rudy} c5
37. Bd5 Ra3 38. Nxd6 cxd4 39. Rxf7 Bc6 40. Nxb5 Bxd5 41. Rxf8+ Kxf8 42. Nxa3
dxc3 43. exd5 Nf6 44. Kf2 Ke7 $11 {KD3}) 36. Rf1 Ra3 {The Engine considers
this the only route to equality} 37. Ne3 c5 {but this is the wrong followup} (
37... Be6 $1 38. Rb1 (38. Bxe6 fxe6 39. Rc1 Bg7 40. Nxe6 Bxc3 41. Kf2 Bxb4 42.
Rxc6 Kf7 $11) 38... Bd7 39. Nec2 Ra7 40. Rf1 Be8 $11 {KD3}) 38. Bxf7+ $18 Kg7 (
38... Kh8 {may be safer}) 39. Nxb5 Ra6 40. Bc4 (40. Nc7 Ra7 41. Ne8+ Kh8 42. b5
$18 {KD3}) 40... Nf6 41. bxc5 (41. Nd5 $1 Nh7 42. Nbc7 Ra7 43. b5 {KD3}) 41...
dxc5 42. e5 Nh7 43. Nd6 (43. g4 $1 {KD3}) 43... Ra8 (43... Rxd6 44. Rf7+ Kh6
45. exd6 Bxd6 46. d4 $18 {KD3}) 44. Rf7+ (44. Nxc8 Rxc8 45. Rf7+ Kg6 46. Rb7
Rd8 47. Rb6+ Kg7 48. Nf5+ Kh8 49. Rg6 $18 {KD3}) 44... Kg6 (44... Kh8 45. Nxc8
Rxc8 46. Nf5 $18 {KD3}) 45. Rc7 Bh3 46. Bf7+ Kh6 (46... Kg7 47. Bd5+) 47. Nef5+
Bxf5 48. Nxf5# 1-0

[Event "West Wales Open"]
[Site "?"]
[Date "2022.11.12"]
[Round "3.9"]
[White "Evans, Nicholas"]
[Black "Taylor, Robert G"]
[Result "1/2-1/2"]
[WhiteElo "1911"]
[BlackElo "1802"]
[Annotator "kemen"]
[PlyCount "51"]
[EventDate "2022.11.12"]
[SourceVersionDate "2022.11.14"]

{[%evp 0,20,30,30,27,27,27,4,21,21,34,25,22,-15,20,-6,19,28,16,23,23,24,29]} 1.
d4 Nf6 2. Nf3 e6 3. c4 b6 4. e3 Bb7 5. Bd3 d5 6. b3 Bb4+ 7. Nbd2 Nbd7 8. O-O
O-O 9. Bb2 Ne4 10. Rc1 f5 $14 {5-3-1} 11. a3 Bd6 12. Ne5 (12. cxd5 exd5 13. Ne5
$14 {1.5-0.5}) 12... Nxd2 13. Qxd2 Bxe5 14. dxe5 Nc5 $17 15. Qc2 Qg5 16. f4 Qg6
17. Rf2 Rad8 (17... h6 18. b4 Nxd3 19. Qxd3 dxc4 20. Qxc4 Rac8 21. Rd2 c5 $19 {
KomodoDragon3}) 18. b4 dxc4 (18... Nxd3 19. Qxd3 dxc4 20. Qxc4 Rd7 21. h3 h6
$19 {KD3}) 19. Bxc4 Ne4 (19... Be4 20. Qc3 Nd3 21. Bxd3 Rxd3 22. Qxc7 Rxe3 $19
{KD3} 23. Qxa7 Rd3 24. Qxb6 h5 25. Bd4 h4 26. Bc5 Re8 27. Qb5 Red8 28. Bd6 h3
29. Qc4 (29. g3 Rxg3+ 30. hxg3 Qxg3+ 31. Kf1 Bd3+ $19) 29... Rxa3 30. Qf1 Bxg2
31. Rxg2 hxg2 32. Qxg2 Qh5 $19) 20. Re2 Rf7 (20... c5 $17 {Fritz13 SE & KD3})
21. Bb5 (21. b5 {both Engines}) 21... a6 22. Bc6 Bxc6 23. Qxc6 Rfd7 (23... Qg4
24. Qc4 g5 $19 {both Engines}) 24. Bd4 Qf7 25. a4 Qe7 26. Rb1 {(Draw?)} (26. a5
$11) (26. g4 $11) (26. Rb2 $13) 1/2-1/2

[Event "West Wales Open"]
[Site "?"]
[Date "2022.11.12"]
[Round "3.10"]
[White "Golding, William"]
[Black "Williams, Duncan"]
[Result "1-0"]
[WhiteElo "1721"]
[BlackElo "1896"]
[Annotator "kemen"]
[PlyCount "55"]
[EventDate "2022.11.12"]
[SourceVersionDate "2022.11.14"]

{[%evp 0,16,30,30,24,-2,-12,-12,-6,0,3,-8,8,-26,-15,-68,-46,-43,-6]} 1. d4 d5
2. g3 Nf6 3. Bg2 Bf5 4. Nf3 h6 5. O-O e6 6. c3 (6. c4 {main}) 6... c5 7. e3 (7.
Bf4 {1-2-3}) (7. Ne5 {1-1-1}) 7... Nc6 8. Nbd2 {releases the tension in the
centre; sooner or later Wh will react with e4} c4 $6 {releases the tension in
the centre; sooner or later Wh will react with e4} (8... Be7 9. Re1 O-O {3-0-4}
) (8... Rc8 $15 {Cloud Engines}) 9. Re1 Bd6 10. Nh4 Bd3 11. e4 dxe4 12. Nxe4
Nxe4 13. Bxe4 Bxe4 14. Rxe4 Be7 15. Ng2 $16 {KomodoDragon3} Qd5 16. Qe2 g5 $2 {
seriously weakens the K side} 17. f3 $18 (17. f4 O-O-O 18. Bd2 $16 {KD3}) 17...
Na5 18. f4 (18. Bd2 b5 19. Ne3 Qb7 20. d5 $18 {KD3}) (18. Ne3 Qd7 19. f4 gxf4
20. Rxf4 h5 21. h4 Bd6 22. Nf5 Bxf4 23. Bxf4 Qd5 24. Nd6+ Ke7 25. Rf1 Raf8 26.
b4 cxb3 27. c4 Qxd4+ 28. Kh2 Qb6 29. Nf5+ Ke8 30. Rd1 $18 {KD3- Bl'rs are
inactive & his K stuck in the middle}) 18... Nc6 19. fxg5 (19. Bd2 {let the
other side do the exchanging ( which usually brings pieces forwards)}) 19...
hxg5 (19... Bxg5 {( Bl's B is a slightly better piece than Wh's)} 20. Bxg5 hxg5
21. Rg4 O-O-O 22. Ne3 Qa5 23. Rf1 Rdf8 24. d5 $18 {KD3- the Bl K has had to go
long, where it is more exposed tham Wh;s}) 20. Bd2 O-O-O $11 21. Re1 (21. Rf1)
21... Qf5 $15 22. Rg4 Ne5 $2 {a tactic that fails} (22... Rh7 23. Rf1 Qc2 24.
Rf2 Qxb2 25. Bxg5 Qxc3 (25... Qxe2) 26. Bxe7 Nxe7 27. d5 b5 28. dxe6 f5 29.
Rgf4 Rd5 $11 {KD3}) 23. dxe5 Rxd2 24. Rxc4+ {easy to miss as the d pawn was in
the way of this at the start of the tactical sequence} Kb8 25. Qxd2 $18 Qh3 26.
Ne3 b6 27. b4 g4 28. Nxg4 1-0

[Event "West Wales Open"]
[Site "?"]
[Date "2022.11.12"]
[Round "3.11"]
[White "Bennett, Tom"]
[Black "Hare, Roy T"]
[Result "1/2-1/2"]
[WhiteElo "1616"]
[BlackElo "1688"]
[Annotator "kemen"]
[PlyCount "57"]
[EventDate "2022.11.12"]
[SourceVersionDate "2022.11.14"]

{[%evp 0,8,30,30,32,23,34,18,15,13,35]} 1. d4 d5 2. Nf3 Nc6 3. e3 (3. Bf4) (3.
c4 {main lines}) 3... a6 (3... Bg4 {main}) 4. Bd3 g6 (4... Nf6) (4... Bg4) 5.
c3 {3.5-0.5} Bg7 6. Nbd2 Nf6 7. O-O O-O 8. e4 {back to almost a mainline Colle;
though the fianchettoed K side prevents Colle's favourite Bxh7ch plan} dxe4 9.
Nxe4 Bg4 (9... Nxe4 {3 draws, 1 Bl win}) 10. h3 Be6 (10... Bxf3 11. Qxf3 e5 (
11... Nxe4 12. Bxe4 e5 13. Bxc6 bxc6 14. dxe5 Bxe5 15. Qxc6 $18) 12. Bg5 exd4
13. Nxf6+ {Ehrlacher-Schoeller, St Petersburg op 1992,1-0}) 11. Nc5 Bc8 12. Qa4
$16 (12. Bf4 $16) 12... Na7 13. Re1 (13. Be2 b6 14. Nd3 $16 {Stockfish15 &
KomodoDragon3 - preserves more pieces since Bl has a cramped position}) 13...
Nd5 (13... b6 14. Ne4 (14. Nxa6 {looks risky but can be played} Bb7 15. Qd1 Nc6
16. Qe2 Qc8 17. Nb4 Nxb4 18. cxb4 Rd8 19. a3 c5 20. dxc5 bxc5 21. bxc5 Qxc5 22.
Be3 $16 {though Wh has some Q side play- Benko style}) 14... Bb7 15. Qb3 Nc8
16. Bf4 Nd6 17. Nfd2 Ndxe4 18. Nxe4 Nh5 19. Bg5 h6 $11 {KD3}) 14. Be4 $18 c6
15. Nh2 (15. Ne5 f6 16. Nf3 b6 17. Nd3 Bb7 18. c4 Nc7 19. Qb3 $18 {KD3}) 15...
e6 16. Bd2 Nb6 17. Qc2 Nc4 18. Bf4 e5 {Bl needs to solve the usual problem QB
in QP openings- it has a;ready moved several times before going back home} 19.
dxe5 Bxe5 20. Rad1 Qe7 21. Bxe5 Nxe5 22. Nb3 (22. b4 {Wh retains space and
development advantage}) 22... Qf6 23. Nd4 (23. a4 Re8 24. Qc1 h5 25. Bc2 Bf5
26. Bxf5 Qxf5 27. Nc5 Re7 28. b4 $18 {KD3- Bl retains Qside problems}) 23...
Nb5 24. Nxb5 (24. Qc1 Rd8 25. g4 c5 26. Nb3 Rxd1 27. Qxd1 c4 28. Nc5 Be6 29.
Qc1 Rd8 30. g5 Qe7 31. Nxe6 Qxe6 32. Bxb7 Nd6 33. Bg2 Nd3 34. Rxe6 Nxc1 35. Rf6
Nd3 36. Bd5 Kh8 37. h4 Nxb2 38. Ng4 $14 {KD3- but little of this is
straightforward}) 24... axb5 25. a3 Re8 $11 26. Nf3 (26. Bd3 Kg7 27. Bf1 $11 {
KD3}) 26... Nxf3+ 27. Bxf3 Bf5 (27... Bxh3 $19 {KD3- the B emerges in triumph}
28. Bxc6 bxc6 29. gxh3 Qf3 30. Kh2 c5 $19) 28. Qd2 (28. Be4 $11) 28... Bxh3 29.
Bxc6 (29. Bxc6 bxc6 30. gxh3 Qf3 31. Rxe8+ Rxe8 32. Re1 Rxe1+ 33. Qxe1 Qxh3 34.
Qe8+ Kg7 35. Qe5+ {KD3-perpetual}) 1/2-1/2

[Event "West Wales Open"]
[Site "?"]
[Date "2022.11.12"]
[Round "3.12"]
[White "Swamy, Anshul"]
[Black "Sipho, Donovan"]
[Result "0-1"]
[WhiteElo "1486"]
[BlackElo "1640"]
[Annotator "kemen"]
[PlyCount "48"]
[EventDate "2022.11.12"]
[SourceVersionDate "2022.11.14"]

{[%evp 0,16,27,25,42,67,22,5,57,66,42,35,45,19,71,36,19,-10,-10]} 1. e4 c5 2.
d4 cxd4 3. c3 dxc3 4. Nxc3 Nc6 5. Nf3 e6 6. Bf4 (6. Bc4 {main}) 6... d6 (6...
a6) (6... Bb4) 7. e5 (7. Bc4 a6 8. O-O {main, when Wh scores 45%}) 7... d5 {0-3
} 8. Bb5 (8. Bd3 {Cloud Engines, not yet played}) 8... Nge7 (8... Bd7 9. O-O a6
10. Bd3 (10. Ba4 b5 11. Bb3 Bb4 12. a3 (12. Nxd5 $18) 12... Bxc3 13. bxc3 Nge7
14. Nd4 Nxd4 15. Qxd4 Nf5 $17 {Brinovec-Szakasics, EU Ch U08,2008,1-0}) 10...
Bc5 11. Bg5 Nge7 12. Qc2 Nb4 13. Qb1 Nxd3 14. Qxd3 O-O $19 {Richter-Hemprich,
Sachsen ch U10, 2009,0-1}) 9. Qa4 Bd7 10. Rd1 a6 11. Bxc6 Nxc6 12. O-O (12. Qc2
{needed, though Wh does not have enough for the pawn ( a main K side attacker
-the KB- has been exchanged on the other side of the board)} Rc8 $19) 12...
Nxe5 13. Qb3 Nxf3+ 14. gxf3 Bc6 15. Rfe1 Be7 16. Be5 O-O 17. Kh1 Bf6 (17... f6)
18. Na4 Bxe5 19. Rxe5 Qf6 20. Re3 e5 (20... d4 21. Red3 Qf5 22. Kg2 Rad8 $19 {
KomodoDragon3} 23. Rxd4 Rxd4 24. Rxd4 Qg6+ 25. Kh1 e5 26. Rd1 Qf5 27. Rd3 Bxa4
$19) 21. h3 d4 22. Red3 Qd6 (22... Qf5) 23. Nb6 Rad8 24. Nc4 Qc7 (24... Qe6)
0-1